Smart surfaces : (Record no. 353671)

000 -LEADER
fixed length control field 02049cam a22004577a 4500
001 - CONTROL NUMBER
control field 15667667
003 - CONTROL NUMBER IDENTIFIER
control field OSt
005 - DATE AND TIME OF LATEST TRANSACTION
control field 20180116192414.0
008 - FIXED-LENGTH DATA ELEMENTS--GENERAL INFORMATION
fixed length control field 090320s2009 sz a b 001 0 eng c
010 ## - LIBRARY OF CONGRESS CONTROL NUMBER
LC control number 2009925058
015 ## - NATIONAL BIBLIOGRAPHY NUMBER
National bibliography number GBA934083
Source bnb
016 7# - NATIONAL BIBLIOGRAPHIC AGENCY CONTROL NUMBER
Record control number 015104223
Source Uk
020 ## - INTERNATIONAL STANDARD BOOK NUMBER
International Standard Book Number 9783764388126 (pbk.)
020 ## - INTERNATIONAL STANDARD BOOK NUMBER
International Standard Book Number 3764388129 (pbk.)
035 ## - SYSTEM CONTROL NUMBER
System control number (OCoLC)ocn316002882
040 ## - CATALOGING SOURCE
Original cataloging agency UKM
Transcribing agency PUL
Modifying agency YDXCP
-- OHX
-- BWX
-- UKM
-- C#P
-- SUC
-- CDX
-- U5D
-- DLC
041 1# - LANGUAGE CODE
Language code of text/sound track or separate title eng
Language code of original ger
042 ## - AUTHENTICATION CODE
Authentication code pcc
050 00 - LIBRARY OF CONGRESS CALL NUMBER
Classification number TA418.7
Item number .K56 2009
082 ## - DEWEY DECIMAL CLASSIFICATION NUMBER
Classification number 720.222
100 1# - MAIN ENTRY--PERSONAL NAME
Personal name Klooster, Thorsten,
Dates associated with a name 1966-
9 (RLIN) 6430
240 10 - UNIFORM TITLE
Uniform title Smart surfaces
245 10 - TITLE STATEMENT
Title Smart surfaces :
Remainder of title and their application in architecture and design /
Statement of responsibility, etc. Thorsten Klooster ; with contributions by Niels Boeing, Simon Davis and Almut Seeger.
260 ## - PUBLICATION, DISTRIBUTION, ETC.
Place of publication, distribution, etc. Basel ;
-- Boston :
Name of publisher, distributor, etc. Birkhäuser,
Date of publication, distribution, etc. c2009.
300 ## - PHYSICAL DESCRIPTION
Extent 184 p. :
Other physical details ill. (some col.) ;
Dimensions 24 cm.
500 ## - GENERAL NOTE
General note English edition of a German original.
504 ## - BIBLIOGRAPHY, ETC. NOTE
Bibliography, etc. note Includes bibliographical references and index.
520 8# - SUMMARY, ETC.
Summary, etc. Whether luminous wallpaper or curtains that produce electricity, innovations in surface technologies are influencing the use of materials in architecture, interior design, and design. This text brings these design fields into the creative focus of planners and designers, and emphasizes concrete possibilities for applications.
650 #0 - SUBJECT ADDED ENTRY--TOPICAL TERM
Topical term or geographic name entry element Surfaces (Technology)
9 (RLIN) 6431
650 #0 - SUBJECT ADDED ENTRY--TOPICAL TERM
Topical term or geographic name entry element Building materials
General subdivision Surfaces.
9 (RLIN) 6432
650 #0 - SUBJECT ADDED ENTRY--TOPICAL TERM
Topical term or geographic name entry element Smart materials in architecture.
9 (RLIN) 6433
650 #0 - SUBJECT ADDED ENTRY--TOPICAL TERM
Topical term or geographic name entry element Architectural design
General subdivision Technological innovations.
9 (RLIN) 6434
650 #0 - SUBJECT ADDED ENTRY--TOPICAL TERM
Topical term or geographic name entry element Finishes and finishing
General subdivision Technological innovations.
9 (RLIN) 6435
700 1# - ADDED ENTRY--PERSONAL NAME
Personal name Boeing, Niels,
Dates associated with a name 1967-
9 (RLIN) 6436
700 1# - ADDED ENTRY--PERSONAL NAME
Personal name Davis, Simon.
9 (RLIN) 6437
700 1# - ADDED ENTRY--PERSONAL NAME
Personal name Seeger, Almut.
9 (RLIN) 6438
906 ## - LOCAL DATA ELEMENT F, LDF (RLIN)
a 7
b cbc
c pccadap
d 2
e ncip
f 20
g y-gencatlg
942 ## - ADDED ENTRY ELEMENTS (KOHA)
Source of classification or shelving scheme
Koha item type Book
Holdings
Withdrawn status Lost status Source of classification or shelving scheme Damaged status Not for loan Permanent Location Current Location Date acquired Total Checkouts Full call number Barcode Date last seen Copy number Cost, replacement price Price effective from Koha item type
          School of Art Design and Architecture (SADA) School of Art Design and Architecture (SADA) 02/19/2013   720.222 KLO 2009 SADA0001958 01/05/2017 1 4896.84 01/05/2017 Book
© 2023 Central Library, National University of Sciences and Technology. All Rights Reserved.